[Event "Medellin Flores op 30th"]
[Site "Medellin"]
[Date "2023.08.05"]
[Round "4"]
[White "Rodriguez, Wilfreddy"]
[Black "Macias Chavarro, Manuela"]
[Result "0-1"]
[WhiteElo "1651"]
[BlackElo "1758"]
[PlyCount "70"]
[EventDate "2023.08.03"]
[EventType "swiss"]
[EventRounds "9"]
[EventCountry "COL"]
[SourceTitle "EXT 2024"]
[Source "ChessBase"]
[SourceDate "2023.10.10"]
[SourceVersion "1"]
[SourceVersionDate "2023.10.10"]
[SourceQuality "1"]

1. e4 e5 2. Nf3 Nc6 3. d4 exd4 4. Nxd4 Bc5 5. Be3 Qf6 6. c3 a6 7. Be2 Qg6 8. Bf3 d6 9. Nd2 Nf6 10. Qe2 Ne5 11. h3 b5 12. g4 Bb7 13. Nf5 Nxf3+ 14. Qxf3 Bxe3 15. Qxe3 Nd7 16. Qd4 f6 17. 0-0-0 Qf7 18. Kb1 0-0 19. f4 Nc5 20. Rhg1 Ne6 21. Qe3 a5 22. h4 a4 23. g5 fxg5 24. fxg5 Bxe4+ 25. Nxe4 Qxf5 26. Ka1 Qf3 27. Qe1 Rae8 28. Nd2 Qf2 29. Qe4 Qf5 30. Qc6 Qc5 31. Qh1 a3 32. Ne4 axb2+ 33. Kxb2 Qc4 34. Rd4 Qe2+ 35. Nd2 Nc5 0-1

[Event "Medellin Flores op 30th"]
[Site "Medellin"]
[Date "2023.08.04"]
[Round "3"]
[White "Duque Vasquez, David"]
[Black "Rodriguez, Wilfreddy"]
[Result "1/2-1/2"]
[WhiteElo "1757"]
[BlackElo "1651"]
[PlyCount "50"]
[EventDate "2023.08.03"]
[EventType "swiss"]
[EventRounds "9"]
[EventCountry "COL"]
[SourceTitle "EXT 2024"]
[Source "ChessBase"]
[SourceDate "2023.10.10"]
[SourceVersion "1"]
[SourceVersionDate "2023.10.10"]
[SourceQuality "1"]

1. e4 c6 2. d4 d5 3. exd5 cxd5 4. c4 Nf6 5. Nc3 Nc6 6. Bg5 e6 7. Nf3 Be7 8. c5 0-0 9. Be2 b6 10. Bb5 Bd7 11. Bxc6 Bxc6 12. b4 bxc5 13. bxc5 Qa5 14. Qd2 Bb5 15. a4 Ba6 16. Bxf6 Bxf6 17. Nb5 Qd8 18. 0-0 Qd7 19. Rab1 Rfb8 20. Qa5 Qc8 21. Rfc1 Bd8 22. Qd2 Bf6 23. Qf4 Qd7 24. Nc7 e5 25. Nxa8 Rxb1 1/2-1/2

[Event "Rivera Huila Hernandez Memorial-B"]
[Site "Rivera Huila"]
[Date "2023.07.20"]
[Round "1"]
[White "Martinez Murcia, John Alexander"]
[Black "Rodriguez, Wilfreddy"]
[Result "0-1"]
[WhiteElo "1841"]
[BlackElo "1703"]
[PlyCount "90"]
[EventDate "2023.07.20"]
[EventType "swiss"]
[EventRounds "7"]
[EventCountry "COL"]
[SourceTitle "CBM 215 Extra"]
[Source "ChessBase"]
[SourceDate "2023.09.30"]
[SourceVersion "1"]
[SourceVersionDate "2023.09.30"]
[SourceQuality "1"]

1. Nf3 d5 2. g3 Nf6 3. Bg2 Bg4 4. 0-0 e6 5. c4 c6 6. d4 Be7 7. Nc3 0-0 8. Bf4 Nbd7 9. cxd5 cxd5 10. Rc1 a6 11. a4 Rc8 12. h3 Bxf3 13. Bxf3 Qb6 14. Rb1 Bb4 15. Qb3 Qxd4 16. Na2 a5 17. Nxb4 axb4 18. Bd6 Nc5 19. Qc2 Nce4 20. Bxe4 Rxc2 21. Bxc2 Rc8 22. Bd3 Ne4 23. Rbd1 Qxb2 24. Rb1 Qa3 25. Bxb4 Qxa4 26. Rfd1 f5 27. Be1 Rc7 28. Ra1 Qd4 29. h4 h6 30. e3 Qf6 31. Ra8+ Kh7 32. Ba5 Qb2 33. Bxe4 Rc1 34. Bxf5+ exf5 35. Rxc1 Qxc1+ 36. Kg2 d4 37. Rd8 dxe3 38. fxe3 Qxe3 39. Bd2 Qe2+ 40. Kg1 b5 41. Bf4 b4 42. Rb8 b3 43. Rb7 b2 44. h5 Qe1+ 45. Kh2 b1Q 0-1